| 000 | 01254cab a2200361 4500 | ||
|---|---|---|---|
| 001 | ABS59041 | ||
| 008 | 090401t1998 xxu||||| |||| 00| 0 eng d | ||
| 035 | _a(Sirsi) u87770 | ||
| 041 | _aeng | ||
| 100 | _aHobbs, G. | ||
| 245 | _aBuilding interest in construction and demolition waste | ||
| 260 | _c1998 | ||
| 350 | _a0 | ||
| 490 |
_aWastes Management _vJuly 1998, 34-35(2) |
||
| 520 | _aConsiders management of waste arising from construction, demolition and refurbishment. Discusses BRE`s waste minimisation scheme which will target areas such as design, packaging and site management. Comments on the UK`s extensive reclamation industry, and, recyling of construction and demolition waste including contaminants. Includes references. | ||
| 650 | _aBRE | ||
| 650 | _aCIRIA | ||
| 650 | _aBUILT ENVIRONMENT | ||
| 650 | _aCONTAMINANTS | ||
| 650 | _aDEMOLITION | ||
| 650 | _aDESIGN | ||
| 650 | _aINTERNET | ||
| 650 | _aLANDFILL | ||
| 650 | _aPACKAGING | ||
| 650 | _aRECLAMATION | ||
| 650 | _aRECYCLED MATERIALS | ||
| 650 | _aBUILT ENVIRONMENT-BUILDING MAINTENANCE AND REFURBISHMENT | ||
| 650 | _aREUSE | ||
| 650 | _aWASTE MANAGEMENT | ||
| 690 | _aENVIRONMENTAL AND LAND CONSULTANCY | ||
| 942 | _n0 | ||
| 948 | _c31/07/1998 | ||
| 999 |
_c55377 _d55377 |
||